[Event "Mittelfranken-chTB2b 1819"]
[Site "Mittelfranken"]
[Date "2019.03.31"]
[Round "8.7"]
[White "Hetzner, Matthias"]
[Black "Sippel, Christian"]
[Result "1/2-1/2"]
[WhiteElo "1643"]
[BlackElo "1594"]
[PlyCount "57"]
[EventDate "2018.10.14"]
[EventType "team-tourn"]
[EventRounds "9"]
[EventCountry "GER"]
[SourceTitle "EXT 2022"]
[Source "ChessBase"]
[SourceDate "2021.10.06"]
[SourceVersion "1"]
[SourceVersionDate "2021.10.06"]
[SourceQuality "1"]
[WhiteTeam "Erlangen SC IV"]
[BlackTeam "Uttenreuth"]
[WhiteTeamCountry "GER"]
[BlackTeamCountry "GER"]

1. e4 c5 2. Nf3 d6 3. d4 cxd4 4. Nxd4 Nf6 5. Nc3 a6 6. Be3 e5 7. Nb3 Be6 8. f3 Be7 9. Qd2 0-0 10. g4 d5 11. exd5 Nxd5 12. Nxd5 Bxd5 13. Bg2 Bh4+ 14. Bf2 Bg5 15. Be3 Bxe3 16. Qxe3 Qc7 17. 0-0-0 Be6 18. Kb1 Nc6 19. Rhe1 Rfd8 20. Qc5 Rxd1+ 21. Rxd1 Rd8 22. Qg1 Rxd1+ 23. Qxd1 Qd8 24. Qxd8+ Nxd8 25. Nc5 Bd5 26. Kc1 f6 27. Kd2 Kf7 28. b3 Ne6 29. Nxe6 1/2-1/2

[Event "Mittelfranken-chTB1 1718"]
[Site "Mittelfranken"]
[Date "2018.04.22"]
[Round "8.8"]
[White "Sikorsky, Reinhard"]
[Black "Hetzner, Matthias"]
[Result "1/2-1/2"]
[WhiteElo "1576"]
[BlackElo "1672"]
[PlyCount "45"]
[EventDate "2017.10.08"]
[EventType "team-tourn"]
[EventRounds "9"]
[EventCountry "GER"]
[SourceTitle "EXT 2022"]
[Source "ChessBase"]
[SourceDate "2021.10.06"]
[SourceVersion "1"]
[SourceVersionDate "2021.10.06"]
[SourceQuality "1"]
[WhiteTeam "Gunzenhausen"]
[BlackTeam "Erlangen SC III"]
[WhiteTeamCountry "GER"]
[BlackTeamCountry "GER"]

1. e4 c5 2. Nf3 d6 3. d4 cxd4 4. Nxd4 Nf6 5. Nc3 a6 6. Bg5 Nbd7 7. f4 Qa5 8. Nb3 Qc7 9. Bd3 h6 10. Bh4 b5 11. a3 Bb7 12. Qe2 e6 13. 0-0-0 Be7 14. Bf2 Rc8 15. g4 Nc5 16. Kb1 d5 17. Nxc5 Bxc5 18. Bxc5 Qxc5 19. exd5 Nxd5 20. Nxd5 Bxd5 21. Be4 0-0 22. Bxd5 exd5 23. Qd2 1/2-1/2

[Event "Mittelfranken-chTB2b 1516"]
[Site "Mittelfranken"]
[Date "2015.10.18"]
[Round "1.8"]
[White "Braun, Kristin"]
[Black "Hetzner, Matthias"]
[Result "0-1"]
[WhiteElo "1781"]
[BlackElo "1666"]
[PlyCount "110"]
[EventDate "2015.10.18"]
[EventType "team-tourn"]
[EventRounds "9"]
[EventCountry "GER"]
[SourceTitle "EXT 2020"]
[Source "ChessBase"]
[SourceDate "2019.10.17"]
[SourceVersion "1"]
[SourceVersionDate "2019.10.17"]
[SourceQuality "1"]
[WhiteTeam "Forchheim III"]
[BlackTeam "Erlangen SC III"]
[WhiteTeamCountry "GER"]
[BlackTeamCountry "GER"]

1. d4 c5 2. e3 g6 3. Nf3 Bg7 4. b3 Nc6 5. Bb2 d5 6. Bd3 Bg4 7. Nbd2 cxd4 8. h3 Bxf3 9. Nxf3 e5 10. Be2 Qa5+ 11. Qd2 Qxd2+ 12. Kxd2 dxe3+ 13. fxe3 Nge7 14. Rad1 0-0 15. Ke1 Rfd8 16. Rf1 Nf5 17. Kd2 Bh6 18. Nxe5 Nxe5 19. Rxf5 gxf5 20. Bxe5 d4 21. Bf4 dxe3+ 22. Kxe3 Re8+ 23. Kf3 Bxf4 24. Bb5 Re5 25. Bc4 Bg5 26. Rd7 Re7 27. Rd5 Re3+ 28. Kf2 Rae8 29. Rxf5 Bh4+ 30. Kg1 R8e7 31. Rh5 Bg3 32. Rg5+ Kf8 33. Rf5 Re1+ 34. Bf1 h5 35. Rf3 h4 36. Rf5 R7e5 37. Rf3 R5e2 38. c4 Rxa2 39. c5 Ra3 40. b4 Rxf3 41. gxf3 a6 42. Kg2 Rb1 43. c6 bxc6 44. Bxa6 Rxb4 45. Bf1 Rb2+ 46. Kg1 Rb1 47. Kg2 Rxf1 48. Kxf1 Ke7 49. Ke2 Kd6 50. Kd3 Kd5 51. Kc3 c5 52. Kd3 c4+ 53. Kd2 Kd4 54. Kc2 Ke3 55. Kc3 Kxf3 0-1

[Event "Pyramiden Franken Cup 5th"]
[Site "Fuerth"]
[Date "2002.09.08"]
[Round "9"]
[White "Auschkalnis, Reinhard"]
[Black "Hetzner, Matthias"]
[Result "0-1"]
[WhiteElo "1750"]
[BlackElo "1744"]
[PlyCount "110"]
[EventDate "2002.08.31"]
[EventType "swiss"]
[EventRounds "9"]
[EventCountry "GER"]
[SourceTitle "CBM 090 Extra"]
[Source "ChessBase"]
[SourceDate "2002.11.07"]
[SourceVersion "1"]
[SourceVersionDate "2002.11.07"]
[SourceQuality "1"]

1. e4 c5 2. Nf3 Nc6 3. Nc3 g6 4. d4 cxd4 5. Nxd4 Bg7 6. Be3 Nf6 7. f3 0-0 8. Bc4 Qa5 9. Qd2 Qb4 10. Nxc6 bxc6 11. Bb3 Rd8 12. 0-0-0 d6 13. Kb1 Nd7 14. Bd4 Qxd4 15. Qxd4 Bxd4 16. Rxd4 a5 17. h4 Nc5 18. Bc4 h5 19. Rg1 Kg7 20. g4 Rh8 21. g5 Rb8 22. Be2 Ne6 23. Ra4 Ra8 24. b4 Rb8 25. a3 axb4 26. Rxb4 Bd7 27. Rxb8 Rxb8+ 28. Ka2 Nd4 29. Bd1 Be6+ 30. Ka1 d5 31. Rg2 Ra8 32. Rd2 c5 33. exd5 Bf5 34. Ka2 e6 35. d6 e5 36. Nb1 Rd8 37. c3 Nb5 38. a4 Rxd6 39. Rxd6 Nxd6 40. Nd2 f6 41. gxf6+ Kxf6 42. Ka3 g5 43. hxg5+ Kxg5 44. c4 h4 45. a5 h3 46. Nf1 Nxc4+ 47. Ka4 Bd7+ 48. Kb3 Nxa5+ 49. Kc3 Bb5 50. Nh2 Nc6 51. Bc2 Nd4 52. Be4 Kf4 53. Ng4 Nxf3 54. Bxf3 Kxf3 55. Nxe5+ Kg3 0-1

[Event "Pyramiden Franken Cup 5th"]
[Site "Fuerth"]
[Date "2002.09.04"]
[Round "5"]
[White "Hetzner, Matthias"]
[Black "Spiess, Martin"]
[Result "1/2-1/2"]
[WhiteElo "1744"]
[BlackElo "1881"]
[PlyCount "51"]
[EventDate "2002.08.31"]
[EventType "swiss"]
[EventRounds "9"]
[EventCountry "GER"]
[SourceTitle "CBM 090 Extra"]
[Source "ChessBase"]
[SourceDate "2002.11.07"]
[SourceVersion "1"]
[SourceVersionDate "2002.11.07"]
[SourceQuality "1"]

1. e4 c5 2. Nc3 Nc6 3. f4 e6 4. Nf3 d5 5. Bb5 Nf6 6. exd5 exd5 7. Bxc6+ bxc6 8. Ne5 Qc7 9. Qe2 Be7 10. 0-0 0-0 11. b3 Bd6 12. Bb2 Re8 13. Na4 d4 14. Rae1 Bg4 15. Qf2 Bxe5 16. fxe5 Rxe5 17. Rxe5 Qxe5 18. Re1 Qd6 19. Ba3 Nd7 20. d3 Kf8 21. Qh4 Bf5 22. Qg5 Bg6 23. Nxc5 Kg8 24. Qe7 Qxe7 25. Rxe7 Nf6 26. Rc7 1/2-1/2